Statistics for 2002 FIFA World Cup - All Goalscorers

Click here to take the quiz!

General Stats

  • This quiz has been taken 38 times
  • The average score is 33 of 109

Answer Stats

HintAnswer% Correct
8 GoalsBrazilRonaldo
100%
5 GoalsBrazilRivaldo
97%
5 GoalsGermanyMiroslav Klose
93%
3 GoalsSpainRaúl
87%
3 GoalsIrelandRobbie Keane
83%
2 GoalsBrazilRonaldinho
83%
3 GoalsSwedenHenrik Larsson
80%
1 GoalItalyAlessandro Del Piero
73%
1 GoalEnglandDavid Beckham
73%
1 GoalArgentinaGabriel Batistuta
73%
3 GoalsGermanyMichael Ballack
73%
2 GoalsEnglandMichael Owen
73%
1 GoalBrazilRoberto Carlos
73%
1 GoalCameroonSamuel Eto'o
73%
3 GoalsSpainFernando Morientes
67%
2 GoalsUSALandon Donovan
67%
1 GoalTurkeyHakan Şükür
63%
1 GoalSouth KoreaPark Ji-sung
63%
4 GoalsItalyChristian Vieri
60%
1 GoalUruguayDiego Forlán
53%
1 GoalEnglandEmile Heskey
53%
2 GoalsSpainFernando Hierro
50%
4 GoalsDenmarkJon Dahl Tomasson
50%
1 GoalParaguayRoque Santa Cruz
50%
1 GoalPortugalRui Costa
50%
Own GoalPortugalJorge Costa
47%
3 GoalsPortugalPauleta
47%
1 GoalJapanHidetoshi Nakata
43%
3 GoalsBelgiumMarc Wilmots
43%
3 GoalsSenegalPapa Bouba Diop
43%
2 GoalsSouth KoreaAhn Jung-hwan
40%
2 GoalsTurkeyHasan Şaş
40%
1 GoalSouth KoreaLee Eul-yong
40%
1 GoalEnglandRio Ferdinand
40%
1 GoalArgentinaHernán Crespo
37%
2 GoalsCosta RicaRónald Gómez
37%
1 GoalEnglandSol Campbell
37%
1 GoalGermanyCarsten Jancker
33%
1 GoalMexicoCuauhtémoc Blanco
33%
1 GoalGermanyBernd Schneider
30%
Own GoalSpainCarles Puyol
30%
1 GoalGermanyOliver Bierhoff
30%
1 GoalGermanyOliver Neuville
30%
1 GoalGermanyThomas Linke
30%
1 GoalCroatiaIvica Olić
27%
1 GoalGermanyMarco Bode
27%
1 GoalSouth KoreaSong Chong-gug
27%
1 GoalUruguayÁlvaro Recoba
23%
1 GoalSouth AfricaBenni McCarthy
23%
1 GoalIrelandDamien Duff
23%
1 GoalDenmarkDennis Rommedahl
23%
2 GoalsSenegalHenri Camara
23%
1 GoalCosta RicaPaulo Wanchope
23%
2 GoalsUSABrian McBride
20%
1 GoalUruguayDarío Rodríguez
20%
1 GoalBrazilEdmílson
20%
1 GoalPolandEmmanuel Olisadebe
20%
1 GoalSpainGaizka Mendieta
20%
3 GoalsTurkeyİlhan Mansız
20%
1 GoalSpainJuan Carlos Valerón
20%
2 GoalsJapanJunichi Inamoto
20%
1 GoalSouth AfricaQuinton Fortune
20%
2 GoalsMexicoJared Borgetti
17%
1 GoalBrazilJúnior
17%
1 GoalSenegalSalif Diao
17%
2 GoalsTurkeyÜmit Davala
17%
1 GoalRussiaValeri Karpin
17%
1 GoalBelgiumWesley Sonck
17%
1 GoalEcuadorÉdison Méndez
13%
1 GoalTurkeyEmre Belözoğlu
13%
1 GoalCosta RicaMauricio Wright
13%
1 GoalCroatiaMilan Rapaić
13%
1 GoalSwedenNiclas Alexandersson
13%
1 GoalCosta RicaWinston Parks
13%
1 GoalEcuadorAgustín Delgado
10%
1 GoalSwedenAnders Svensson
10%
1 GoalPortugalBeto
10%
1 GoalRussiaDmitri Sychev
10%
1 GoalSouth KoreaHwang Sun-hong
10%
1 GoalBelgiumJohan Walem
10%
1 GoalNigeriaJulius Aghahowa
10%
1 GoalSenegalKhalilou Fadiga
10%
1 GoalPolandMarcin Żewłakow
10%
1 GoalIrelandMatt Holland
10%
1 GoalPolandPaweł Kryszałowicz
10%
1 GoalSouth KoreaSeol Ki-hyeon
10%
1 GoalSouth AfricaSiyabonga Nomvethe
10%
1 GoalRussiaYegor Titov
10%
1 GoalSouth KoreaYoo Sang-chul
10%
1 GoalUSAClint Mathis
7%
1 GoalParaguayFrancisco Arce
7%
1 GoalIrelandGary Breen
7%
1 GoalUSAJohn O'Brien
7%
1 GoalParaguayJorge Campos
7%
1 GoalSouth AfricaLucas Radebe
7%
1 GoalSloveniaMilenko Ačimovič
7%
2 GoalsParaguayNelson Cuevas
7%
1 GoalCameroonPatrick M'Boma
7%
1 GoalBelgiumPeter Van Der Heyden
7%
1 GoalUruguayRichard Morales
7%
1 GoalJapanTakayuki Suzuki
7%
1 GoalRussiaVladimir Beschastnykh
7%
1 GoalTurkeyBülent Korkmaz
3%
1 GoalMexicoGerardo Torrado
3%
1 GoalJapanHiroaki Morishima
3%
Own GoalUSAJeff Agoos
3%
1 GoalTunisiaRaouf Bouzaiene
3%
1 GoalSloveniaSebastjan Cimirotič
3%
1 GoalSouth AfricaTeboho Mokoena
3%

Score Distribution

Percentile by Number Answered

Percent of People with Each Score

Your Score History

You have not taken this quiz